| 000 | 00452 a2200121 4500 | ||
|---|---|---|---|
| 001 | ART_7986 | ||
| 005 | 20260410161639.0 | ||
| 008 | 260409a | ||
| 245 | 1 | 0 | _aCuentas tributarias. Pasado, presente y futuro del conocimiento de la información recíproca generada entre el contribuyente y el fisco |
| 100 | 1 | _aTaub, Isidoro L. | |
| 700 | 1 | _aBuono, Javier A. | |
| 773 | 0 |
_tConsultor tributario _g- Vol. 2, Nº 19 (sep. 2008) _wREV474 |
|
| 999 |
_c13116 _d13116 |
||